Histoire du drapeau des Îles Marshall - Statistiques

Statistiques générales
  • Ce quiz a été pris 61 fois
  • Le résultat moyen est 4 sur 7
Statistiques - réponses
Hint Réponse % Correct
Îles Marshall (drapeau actuel depuis 1986)
95%
Mandat japonais des îles du Pacifique (1919-1947)
89%
Deuxième drapeau de la Nouvelle-Guinée allemande (1889-1919)
82%
Troisième drapeau des territoires sous tutelle des îles du Pacifique (1965-1986)
66%
Premier drapeau de la Nouvelle-Guinée allemande (1884-1889)
45%
Premier drapeau des territoires sous tutelle des îles du Pacifique (1947-1960)
39%
Deuxième drapeau des territoires sous tutelle des îles du Pacifique (1960-1965)
29%
Aucun quiz correspondant
Distribution des résultats
% des personnes avec chaque résultat
Percentile par nombre de réponses
Votre historique - résultats
Vous n’avez pas pris ce quiz